000 00518nam a22001697a 4500
020 _qHard Cover.
082 _a302.2
100 _aSaqib, Ayesha
245 _aLife Behind The Lens /
_cAyesha Saqib.
260 _aIslamabad:
_bS3H - NUST,
_c2016.
300 _a25 p. :
_bill. ;
_c30cm.
650 _aMass Communication MS-Thesis.
_928449
700 _aFaran Rafi
_928450
856 _uhttp://10.250.8.41:8080/xmlui/handle/123456789/26812
942 _2ddc
_cTHE
999 _c534311
_d534311